000 00298nam a2200133Ia 4500
005 20251222144628.0
008 251222s9999||||xx |||||||||||||| ||spa||
020 _a950-515-225-6
082 _a201/D59R
100 _aDerrida, Jacques
245 0 _aLa Religión
264 _bLa Flor
942 _cLIB
999 _c16205
_d16205